[Event "Nueva Gerona 15 May Cup"]
[Site "Nueva Gerona"]
[Date "2009.05.24"]
[Round "18"]
[White "Bezanilla Sanchez, Alexis"]
[Black "Lopez Lopez, Pedro"]
[Result "1-0"]
[WhiteElo "2279"]
[BlackElo "2078"]
[PlyCount "117"]
[EventDate "2009.05.13"]
[EventType "tourn"]
[EventRounds "22"]
[EventCountry "CUB"]
[SourceTitle "EXT 2020"]
[Source "ChessBase"]
[SourceDate "2019.10.17"]
[SourceVersion "1"]
[SourceVersionDate "2019.10.17"]
[SourceQuality "1"]

1. e4 c5 2. Nf3 Nc6 3. d4 cxd4 4. Nxd4 Nf6 5. Nc3 d6 6. Bc4 Qb6 7. Nxc6 bxc6 8. 0-0 g6 9. e5 dxe5 10. Qe2 Bg7 11. Qxe5 Bf5 12. Bb3 Qb7 13. Na4 Qb5 14. Nc5 Rg8 15. Ba4 Qb6 16. Nd3 Qa6 17. Nc5 Qb6 18. Nd3 Qa6 19. Bb3 Nd5 20. Qe2 Rb8 21. Rd1 h5 22. Qe1 Bg4 23. f3 Bf5 24. Ne5 e6 25. Nc4 Rd8 26. Qe2 Qb5 27. g4 hxg4 28. fxg4 Qc5+ 29. Kf1 Ke7 30. gxf5 gxf5 31. Qf2 Qxf2+ 32. Kxf2 Bf6 33. Na5 Rd6 34. Ba4 Rc8 35. Kf3 c5 36. c4 Nb6 37. Rxd6 Kxd6 38. Bb5 e5 39. Rb1 Ke6 40. Nb3 Be7 41. Be3 f4 42. Bf2 Kf5 43. Re1 f6 44. h4 Bf8 45. Re2 Rc7 46. a4 Nc8 47. Re1 Nb6 48. a5 Nc8 49. Ba4 a6 50. h5 Bd6 51. Nd2 Ke6 52. Ne4 f5 53. Nxd6 Nxd6 54. Rg1 Ne4 55. h6 Ng3 56. Bxg3 fxg3 57. Rxg3 Rc8 58. h7 Rh8 59. Rg6+ 1-0

[Event "Nueva Gerona 15 May Cup"]
[Site "Nueva Gerona"]
[Date "2009.05.22"]
[Round "15"]
[White "Duarte Napoles, Fanny"]
[Black "Lopez Lopez, Pedro"]
[Result "1/2-1/2"]
[WhiteElo "2267"]
[BlackElo "2078"]
[PlyCount "169"]
[EventDate "2009.05.13"]
[EventType "tourn"]
[EventRounds "22"]
[EventCountry "CUB"]
[SourceTitle "EXT 2020"]
[Source "ChessBase"]
[SourceDate "2019.10.17"]
[SourceVersion "1"]
[SourceVersionDate "2019.10.17"]
[SourceQuality "1"]

1. Nf3 d5 2. c4 e6 3. g3 Nf6 4. Bg2 Be7 5. 0-0 0-0 6. d4 dxc4 7. Qc2 a6 8. Qxc4 b5 9. Qc2 Bb7 10. Bd2 Be4 11. Qc1 Bb7 12. Qc2 Nc6 13. e3 Nb4 14. Bxb4 Bxb4 15. a3 Bd6 16. Nbd2 Rc8 17. e4 Be7 18. b4 Re8 19. Rfe1 a5 20. bxa5 c5 21. e5 Nd7 22. Qc3 Ra8 23. dxc5 Nxc5 24. Nd4 Bxg2 25. Kxg2 Rxa5 26. Nc6 Qd5+ 27. Qf3 Ra4 28. Qxd5 exd5 29. Reb1 Bf8 30. Nf3 Ne6 31. Rxb5 Rc8 32. Ra5 Rxa5 33. Nxa5 Ra8 34. Nc6 Rxa3 35. Rd1 Ra6 36. Nb8 Rb6 37. Nd7 Rb5 38. Nh4 d4 39. Nf5 Bb4 40. Rb1 Rb7 41. Nd6 Rxd7 42. Rxb4 g5 43. Kf3 h5 44. Ke4 g4 45. Rb8+ Kg7 46. Ra8 Kg6 47. Rg8+ Kh7 48. Rc8 Ra7 49. Re8 Kg7 50. Nf5+ Kg6 51. Ne7+ Kg5 52. Rg8+ Kh6 53. Nd5 d3 54. Kxd3 Ra5 55. Ke4 Ng5+ 56. Kd4 Ra4+ 57. Kd3 Nf3 58. Ke3 Nxe5 59. Rh8+ Kg6 60. Nf4+ Kf6 61. Rxh5 Ra3+ 62. Kd4 Nf3+ 63. Kc4 Nd2+ 64. Kd5 Ra5+ 65. Kc6 Rxh5 66. Nxh5+ Ke5 67. Nf4 Ne4 68. h4 Nxf2 69. Ne2 Ke4 70. Nc3+ Kf3 71. h5 Nh3 72. h6 Ng5 73. Kd5 f5 74. Ke5 f4 75. Kf5 Nf7 76. h7 fxg3 77. Ne4 g2 78. Ng5+ Nxg5 79. h8Q g1Q 80. Qc3+ Kg2 81. Kxg5 Qd1 82. Qb2+ Kf1 83. Qb5+ Kg1 84. Qb6+ Kh1 85. Qf2 1/2-1/2

[Event "Nueva Gerona 15 May Cup"]
[Site "Nueva Gerona"]
[Date "2009.05.19"]
[Round "11"]
[White "Martinez Avila, Yaima"]
[Black "Lopez Lopez, Pedro"]
[Result "1/2-1/2"]
[WhiteElo "2143"]
[BlackElo "2078"]
[PlyCount "26"]
[EventDate "2009.05.13"]
[EventType "tourn"]
[EventRounds "22"]
[EventCountry "CUB"]
[SourceTitle "EXT 2020"]
[Source "ChessBase"]
[SourceDate "2019.10.17"]
[SourceVersion "1"]
[SourceVersionDate "2019.10.17"]
[SourceQuality "1"]

1. d4 d5 2. c4 e6 3. Nc3 Nf6 4. Nf3 Be7 5. Bf4 c6 6. e3 0-0 7. Bd3 Nbd7 8. 0-0 b6 9. Rc1 Bb7 10. e4 dxe4 11. Nxe4 Nxe4 12. Bxe4 Nf6 13. Bb1 c5 1/2-1/2

[Event "Nueva Gerona 15 May Cup"]
[Site "Nueva Gerona"]
[Date "2009.05.15"]
[Round "5"]
[White "Lopez Lopez, Pedro"]
[Black "Ragolta Franco, Eduardo"]
[Result "0-1"]
[WhiteElo "2078"]
[BlackElo "2213"]
[PlyCount "70"]
[EventDate "2009.05.13"]
[EventType "tourn"]
[EventRounds "22"]
[EventCountry "CUB"]
[SourceTitle "EXT 2020"]
[Source "ChessBase"]
[SourceDate "2019.10.17"]
[SourceVersion "1"]
[SourceVersionDate "2019.10.17"]
[SourceQuality "1"]

1. d4 d5 2. c4 c6 3. Nf3 Nf6 4. e3 e6 5. Nbd2 c5 6. cxd5 exd5 7. dxc5 Bxc5 8. a3 0-0 9. b4 Bd6 10. Bb2 Qe7 11. Bd3 a5 12. b5 Nbd7 13. 0-0 Nc5 14. Bc2 Bd7 15. Bxf6 Qxf6 16. Nd4 g6 17. a4 Rfc8 18. Rc1 Ne6 19. N2f3 Nxd4 20. Qxd4 Qxd4 21. Nxd4 Rc5 22. Bd3 Rac8 23. Rxc5 Rxc5 24. Rd1 Rc8 25. Be2 Kg7 26. Nb3 Bb4 27. Rxd5 Be6 28. Rd3 Bc4 29. Nc1 Bxd3 30. Nxd3 Bd6 31. Bf3 Rc3 32. Be4 b6 33. Ne1 Rc1 34. Kf1 Bb4 35. Ke2 Rxe1+ 0-1